Detalles MARC
| 000 -LIDER |
| fixed length control field |
01033nam a2200289 a 4500 |
| 001 - NÚMERO DE CONTROL |
| Identificador de número de control |
000014005 |
| 003 - IDENTIFICACDOR DE NÚMERO DE CONTROL |
| control field |
DO-SdBNP |
| 005 - DATE AND TIME OF LATEST TRANSACTION |
| control field |
20180319142546.0 |
| 007 - CAMPOS FIJOS DE DESCRIPCIÓN FÍSICA |
| fixed length control field |
000014005 |
| 008 - ELEMENTOS DE LONGITUD FIJA |
| fixed length control field |
091202s2009 dr ac 001 0 spa d |
| 020 ## - ISBN |
| International Standard Book Number |
9789945131048 |
| 040 ## - FUENTE DE CATALOGACIÓN |
| Agencia que crea de manera original el registro |
BPMSU |
| Idioma de catalogación |
spa |
| Agencia que realiza la transcripción |
BPMSU |
| 049 ## - LOCAL HOLDINGS (OCLC) |
| Holding library |
BNPD |
| 082 #4 - NÚMERO DE CLASIFICACIÓN DECIMAL DE DEWEY |
| Classification number |
972.93053 |
| Item number |
B716m |
| 100 1# - ASIENTO PRINCIPAL -- NOMBRE PERSONAL |
| Nombre personal |
Bonnelly Valverde, Fredy, |
| Fechas asociadas con el nombre |
1931- |
| 245 10 - MENCIÓN DE TITULO |
| Título |
Mi paso por La 40 : |
| Subtítulo |
un testimonio / |
| Mención de responsabilidad |
Fredy Bonnelly Valverde. |
| 260 ## - PUBLICACIÓN, DISTRIBUCIÓN, ETC. (PIE DE IMPRENTA) |
| Lugar de publicación, distribución, etc |
Santo Domingo : |
| Nombre del editor, distribuidor, etc. |
Mediabyte, |
| Fecha de publicación, distribución, etc |
2009. |
| 300 ## - DESCRIPCIÓN FÍSICA |
| Extensión |
237 p. : |
| Otros detalles físicos |
il., retrs. ; |
| Dimensiones |
23 cm. |
| 500 ## - NOTA GENERAL |
| Nota general |
Incluye datos biográficos del autor en la contracubierta. |
| 650 #4 - ENCABEZAMIENTO DE MATERIA--TEMÁTICO |
| Término temático o nombre geográfico como elemento de entrada |
PRESOS POLÍTICOS |
| Subdivisión geográfica |
REPÚBLICA DOMINICANA |
| Subdivisión temática general |
RELATOS PERSONALES |
| 650 #4 - ENCABEZAMIENTO DE MATERIA--TEMÁTICO |
| Término temático o nombre geográfico como elemento de entrada |
PRISIONES |
| Subdivisión geográfica |
REPÚBLICA DOMINICANA |
| Subdivisión cronológica |
ERA DE TRUJILLO, 1930-1961 |
| Subdivisión temática general |
RELATOS PERSONALES |
| 651 #4 - ENCABEZAMIENTO DE MATERIA--NOMBRE GEOGRÁFICO |
| Nombre geográfico |
REPÚBLICA DOMINICANA |
| Subdivisión temática general |
HISTORIA |
| Subdivisión cronológica |
ERA DE TRUJILLO, 1930-1961 |
| 910 ## - VALIDACIÓN |
| Validación |
Validado. Control de calidad EMS |
| 942 ## - ADDED ENTRY ELEMENTS (KOHA) |
| Source of classification or shelving scheme |
Dewey Decimal Classification |
| Koha item type |
Libros |
| 945 ## - INFORMACIÓN DE PROCESAMIENTO LOCAL |
| Información de procesamiento local |
Inventariado, 2017/MFF |
| 956 ## - LOCAL ELECTRONIC LOCATION AND ACCESS (OCLC) |
| Nombre de host |
VMATEO |
| Número de acceso |
10 |
| Información de compresión |
20150803 |
| Inicio de sesión |
BPMSU |
| Procesador de solicitud |
00151 |